000 01114cad a22002175a 4500
001 L149850
008 100505e20100504xxk 000 0 eng d
035 _a(Sirsi) u149850
041 0 _aeng
110 2 _aReynolds Porter Chamberlain
_95846
245 0 0 _aProfessional negligence claims against surveyors and estate agents increase
260 _c2010
490 _aReynolds Porter Chamberlain News Release
_v4 May 2010
520 _a25 professional negligence claims against chartered surveyors and estate agents between January and December 2009 compared with one claim between 2004 and 2008. Effects of the Credit crunch and disputes over valuation of residential and commercial property are blamed for the increase. Graph illustrates number of claims between 2004 and 2009.
590 _aKA NTK
651 4 _aUnited Kingdom
_y
690 _aPROPERTY-PROPERTY APPRAISAL AND VALUATION
690 _aMANAGEMENT-BUSINESS MANAGEMENT-PROFESSIONAL PRACTICE-NEGLIGENCE
856 4 8 _uhttps://www.rpc.co.uk/Default.aspx?sID=754&cID=399&ctID=43&lID=0
_z View this item free of charge at www.rpc.co.uk
942 _n0
999 _c82300
_d82300